|
|
|
|
| LEADER |
00000nab a2200000 a 4500 |
| 001 |
vtls009966454 |
| 003 |
SK-MaSNL |
| 005 |
20260304044958.0 |
| 008 |
091104|2009 xo wrz r 000 0 slo |
| 015 |
|
|
|a SNBRB2009/11
|2 kevkjb
|
| 038 |
|
|
|a KEVKJB
|
| 040 |
|
|
|a KEVKJB
|b slo
|c KEVKJB
|e AACR2
|
| 041 |
0 |
|
|a slo
|
| 044 |
|
|
|a xo
|c SK
|
| 080 |
|
|
|a 331.56
|x (437.6)
|2 2001
|
| 100 |
1 |
|
|a Kukučková, Ľuba
|4 aut
|9 327838
|
| 245 |
1 |
0 |
|a Nezamestnanosť stále stúpa
|b vo východných regiónoch Slovenska evidujú ako nezamestnaného každého piateho človeka, v mestách je situácia o niečo lepšia ako na dedinách
|c Ľuba Kukučková
|
| 300 |
|
|
|b Obr.
|
| 650 |
0 |
7 |
|a nezamestnanosť
|2 SNKPH
|9 4271
|
| 651 |
|
7 |
|a Slovensko
|2 SNKPHgeo
|
| 773 |
0 |
|
|t Markíza
|g Roč. XII, č. 44 (2009), s. 8-9
|x 1335-2776
|
| 852 |
|
|
|a KEVKJB
|b KIS3GCP
|
| 999 |
|
|
|c 2689607
|d 2691537
|